<?xml version="1.0" encoding="UTF-8"?>
<record
    xmlns:xsi="http://www.w3.org/2001/XMLSchema-instance"
    xsi:schemaLocation="http://www.loc.gov/MARC21/slim http://www.loc.gov/standards/marcxml/schema/MARC21slim.xsd"
    xmlns="http://www.loc.gov/MARC21/slim">

  <leader>00924nam a2200205 i 4500</leader>
  <controlfield tag="001">190102</controlfield>
  <controlfield tag="003">ES-MaACL</controlfield>
  <controlfield tag="005">20250909200115.0</controlfield>
  <controlfield tag="008">200729s1895    sp           |||| | spa d</controlfield>
  <datafield tag="245" ind1="0" ind2="0">
    <subfield code="a">Discursos... en el Congreso de los Diputados... / </subfield>
    <subfield code="c">por... D. Gumersindo de Azc&#xE1;rate, D. Antonio Maura y Montaner, D. Francisco Romero Robledo.. y D. Antonio Barroso y Castillo con motivo de la discusi&#xF3;n del presupuesto de establecimientos penitenciarios.</subfield>
  </datafield>
  <datafield tag="260" ind1=" " ind2=" ">
    <subfield code="a">Madrid : </subfield>
    <subfield code="b">[s.n.], </subfield>
    <subfield code="c">1895.</subfield>
  </datafield>
  <datafield tag="650" ind1=" " ind2="4">
    <subfield code="a">Establecimientos penitenciarios-</subfield>
    <subfield code="z">Espa&#xF1;a.</subfield>
    <subfield code="9">145832</subfield>
  </datafield>
  <datafield tag="650" ind1=" " ind2="4">
    <subfield code="a">Presupuestos-</subfield>
    <subfield code="z">Espa&#xF1;a.</subfield>
    <subfield code="9">152607</subfield>
  </datafield>
  <datafield tag="700" ind1="1" ind2=" ">
    <subfield code="a">Azc&#xE1;rate, Gumersindo de,</subfield>
    <subfield code="d">1840-1917</subfield>
    <subfield code="9">24243</subfield>
  </datafield>
  <datafield tag="700" ind1="1" ind2=" ">
    <subfield code="a">Maura y Montaner, Antonio,</subfield>
    <subfield code="d">1853-1925</subfield>
    <subfield code="9">79224</subfield>
  </datafield>
  <datafield tag="700" ind1="1" ind2=" ">
    <subfield code="a">Romero Robledo, Francisco, </subfield>
    <subfield code="d">1838-1906</subfield>
    <subfield code="9">99432</subfield>
  </datafield>
  <datafield tag="700" ind1="1" ind2=" ">
    <subfield code="a">Barroso y Castillo, Antonio.</subfield>
    <subfield code="9">170213</subfield>
  </datafield>
  <datafield tag="852" ind1=" " ind2=" ">
    <subfield code="a">ES-MaACL</subfield>
    <subfield code="j">T-795-F-6</subfield>
  </datafield>
  <datafield tag="999" ind1=" " ind2=" ">
    <subfield code="c">190102</subfield>
    <subfield code="d">190102</subfield>
  </datafield>
  <datafield tag="952" ind1=" " ind2=" ">
    <subfield code="0">0</subfield>
    <subfield code="1">0</subfield>
    <subfield code="4">0</subfield>
    <subfield code="7">0</subfield>
    <subfield code="8">Colecci&#xF3;n_de_folletos</subfield>
    <subfield code="a">ATENEOM</subfield>
    <subfield code="b">ATENEOM</subfield>
    <subfield code="c">DEPOF</subfield>
    <subfield code="d">2005-04-02</subfield>
    <subfield code="e">SC</subfield>
    <subfield code="l">0</subfield>
    <subfield code="o">T-795-F-6</subfield>
    <subfield code="p">1201790</subfield>
    <subfield code="r">2023-02-23 00:00:00</subfield>
    <subfield code="w">2023-02-23</subfield>
    <subfield code="y">FOLLETOS</subfield>
  </datafield>
</record>
